Animal Crossing - les Villageois Autruches [avec image] - Statistiques

Statistiques générales
  • Ce quiz a été pris 16 fois
  • Le résultat moyen est 7 sur 11
Statistiques - réponses
Par images Réponse % Correct
Faustine
100%
Justine
80%
Gabin
70%
Julie
70%
Gladys
60%
Phil
60%
Sophie
60%
Laflèche
50%
Ottie
50%
Estrella
40%
Reine
40%
Aucun quiz correspondant
Distribution des résultats
% des personnes avec chaque résultat
Percentile par nombre de réponses
Votre historique - résultats
Vous n’avez pas pris ce quiz